000 00352nam a22000977a 4500
008 170121b xxu||||| |||| 00| 0 eng d
100 _aNathan, Mel
245 _aFranks of Western expresses
260 _aChicago
_bCollectors Club of Chicago,
_c1973
650 _aUnited States | Western States | Express Companies | Express Franks | Postal History | Biographies
999 _c2205
_d2205